Исследование кинетики выделения водорода на серебряном катоде из кислых растворов: автореферат диссертации на соискание ученой степени кандидата химических наук; спец. 074

Bibliografiske detaljer
Hovedforfatter: Быстров В. И.
Institution som forfatter: Академия наук СССР (АН СССР) Институт электрохимии им. А. Н. Фрумкина (ИЭЛ)
Andre forfattere: Кришталик Л. И. (научный руководитель)
Summary:Защита сост.: Март 1968 г.
Sprog:russisk
Udgivet: Москва, [Б. и.], 1968
Fag:
Format: MixedMaterials Bog
KOHA link:https://koha.lib.tpu.ru/cgi-bin/koha/opac-detail.pl?biblionumber=335894

MARC

LEADER 00000nam0a2200000 4500
001 335894
005 20231102004811.0
035 |a (RuTPU)RU\TPU\book\362306 
090 |a 335894 
100 |a 20171005d1968 k y0rusy50 ca 
101 0 |a rus 
102 |a RU 
105 |a y dm 001zy 
200 1 |a Исследование кинетики выделения водорода на серебряном катоде из кислых растворов  |e автореферат диссертации на соискание ученой степени кандидата химических наук  |e спец. 074  |f В. И. Быстров  |g Академия наук СССР (АН СССР), Институт электрохимии им. А. Н. Фрумкина (ИЭЛ) ; науч. рук. Л. И. Кришталик 
210 |a Москва  |c [Б. и.]  |d 1968 
215 |a 20 с. 
300 |a Защита сост.: Март 1968 г. 
320 |a Библиогр.: с. 20 (4 назв.) 
606 1 |a Водород  |x Электрохимическое выделение  |2 stltpush  |3 (RuTPU)RU\TPU\subj\76891  |9 87664 
610 1 |a кинетические процессы 
610 1 |a кислые растворы 
610 1 |a серебряные катоды 
610 1 |a поляризационные измерения 
610 1 |a стехиометрические расчеты 
610 1 |a библиотека А. Г. Стромберга 
610 1 |a авторефераты диссертаций 
675 |a 544.65(04)  |v 4 
686 |a 074  |2 oksvnk 
700 1 |a Быстров  |b В. И. 
702 1 |a Кришталик  |b Л. И.  |4 727 
712 0 2 |a Академия наук СССР (АН СССР)  |b Институт электрохимии им. А. Н. Фрумкина (ИЭЛ)  |c (Москва)  |c (1957-1991)  |2 stltpush  |3 (RuTPU)RU\TPU\col\327 
801 1 |a RU  |b 63413507  |c 20171005 
801 2 |a RU  |b 63413507  |c 20180125  |g RCR 
942 |c BK